[Event "KUW Challenge Cup 2nd"]
[Site "Kuwait"]
[Date "2017.09.17"]
[Round "1.1"]
[White "Hamdi, Emad"]
[Black "Ramadan, M Ahmed"]
[Result "0-1"]
[WhiteElo "1651"]
[BlackElo "2146"]
[PlyCount "74"]
[EventDate "2017.09.17"]
[EventType "team-swiss"]
[EventRounds "9"]
[EventCountry "KUW"]
[SourceTitle "EXT 2019"]
[Source "ChessBase"]
[SourceDate "2018.10.10"]
[SourceVersion "1"]
[SourceVersionDate "2018.10.10"]
[SourceQuality "1"]

1. e4 c5 2. Nf3 d6 3. d4 cxd4 4. Nxd4 Nf6 5. Nc3 a6 6. Bc4 e6 7. Be3 b5 8. Bb3 Bb7 9. f3 Nbd7 10. a3 Nc5 11. Ba2 Qc7 12. Qd2 Bc8 13. g4 Be7 14. h4 Bb7 15. 0-0-0 0-0 16. h5 Nfd7 17. Bg5 Ne5 18. Rhf1 Rab8 19. Bxe7 Qxe7 20. Nb3 Nc4 21. Qf2 Na4 22. Nxa4 bxa4 23. Nd2 Nxb2 24. Qd4 Ba8 25. Nc4 Nxc4 26. Bxc4 d5 27. exd5 Qxa3+ 28. Kd2 exd5 29. Bxa6 Qd6 30. Bd3 Rb4 31. Qe3 Rf4 32. Rde1 d4 33. Qe2 Rf6 34. Kd1 Qf4 35. Be4 Rb8 36. Qd3 Rb1+ 37. Ke2 Bxe4 0-1